[Event "Moscow (Women)"]
[Site "Moscow"]
[Date "1990.??.??"]
[Round "?"]
[White "Domkute, R."]
[Black "Lanchava, Tea"]
[Result "1-0"]
[WhiteElo "2225"]
[BlackElo "2060"]
[PlyCount "79"]
[EventDate "1990.??.??"]
[EventType "swiss"]
[EventRounds "9"]
[EventCountry "URS"]
[SourceTitle "TD"]
[Source "ChessBase"]
[SourceDate "1994.03.01"]
[SourceVersion "1"]
[SourceVersionDate "1994.03.01"]
[SourceQuality "1"]

1. Nf3 g6 2. d4 Bg7 3. c4 d6 4. Nc3 Nd7 5. g3 e5 6. Bg2 Nh6 7. e4 0-0 8. 0-0 c6 9. dxe5 dxe5 10. Qd6 f6 11. Rd1 Nf7 12. Qd3 Qe7 13. Na4 Rd8 14. Qc2 b6 15. a3 Bb7 16. b4 b5 17. cxb5 cxb5 18. Nc3 Rac8 19. Qb3 Kh8 20. Be3 Nd6 21. Ne1 a6 22. Nd3 f5 23. Nc5 Nxc5 24. Bxc5 Qf6 25. f3 Ne8 26. a4 Nc7 27. axb5 axb5 28. Ra7 Ba8 29. Rxd8+ Qxd8 30. Qf7 fxe4 31. fxe4 Ne8 32. Nxb5 Qd1+ 33. Bf1 Qd8 34. Nd6 Rc7 35. Qxe8+ Qxe8 36. Nxe8 Rxa7 37. Bxa7 Bxe4 38. Nxg7 Kxg7 39. b5 Bb7 40. b6 1-0

[Event "Moscow (Women)"]
[Site "Moscow"]
[Date "1990.??.??"]
[Round "?"]
[White "Domkute, R."]
[Black "Sheremetieva, Marina"]
[Result "1-0"]
[WhiteElo "2225"]
[BlackElo "2205"]
[PlyCount "177"]
[EventDate "1990.??.??"]
[EventType "swiss"]
[EventRounds "9"]
[EventCountry "URS"]
[SourceTitle "TD"]
[Source "ChessBase"]
[SourceDate "1994.03.01"]
[SourceVersion "1"]
[SourceVersionDate "1994.03.01"]
[SourceQuality "1"]

1. d4 d6 2. e4 Nf6 3. Nc3 c6 4. a4 Na6 5. Be2 Nb4 6. Nf3 d5 7. e5 Ne4 8. Na2 Nxa2 9. Rxa2 e6 10. 0-0 f6 11. exf6 Nxf6 12. Bf4 Be7 13. a5 0-0 14. c3 c5 15. Be5 Bd7 16. Bd3 Qe8 17. Ng5 h6 18. Nh3 cxd4 19. cxd4 Bb5 20. Nf4 Bxd3 21. Qxd3 Bd8 22. Qh3 Rf7 23. Qxe6 Qb5 24. Ra3 Qd7 25. Qxd7 Rxd7 26. Rc1 Ne4 27. b4 Be7 28. Nd3 Bd6 29. Bxd6 Nxd6 30. Ne5 Re7 31. Rd3 Rd8 32. Ng6 Rf7 33. Rdc3 Kh7 34. Ne5 Rf4 35. Nf3 Nb5 36. Rd3 a6 37. g3 Re4 38. Rc5 Re6 39. Re3 Re4 40. Rd3 Re6 41. Kg2 Re2 42. Re3 Rb2 43. Re7 Rxb4 44. Rxb7 Ra4 45. Ne5 Re8 46. Rxd5 Nxd4 47. Ng4 Re2 48. Nf6+ Kg6 49. Nh5 Ne6 50. Rb6 Kh7 51. Rb7 Raa2 52. Rf7 Kg6 53. Rf3 Kh7 54. Nf4 Nxf4+ 55. Rxf4 Reb2 56. Rf7 Rb5 57. Rdd7 Rg5 58. h4 Rg6 59. Rf5 Ra4 60. Kh2 Rb4 61. Rd8 Rc6 62. Kg2 Rcc4 63. Rff8 Rb5 64. Rh8+ Kg6 65. Rd6+ Kf7 66. Rxa6 Rc7 67. Rha8 Rc2 68. R6a7+ Ke6 69. Rxg7 Rf5 70. Ra6+ Kd5 71. Rd7+ Ke5 72. Re7+ Kd5 73. Rxh6 Rfxf2+ 74. Kh3 Rh2+ 75. Kg4 Rc4+ 76. Kh5 Rc3 77. Rg7 Ra2 78. a6 Ke4 79. Rhg6 Ra5+ 80. Kh6 Kf3 81. g4 Kg3 82. h5 Kh4 83. Kh7 Rc8 84. h6 Ra8 85. Rb7 R8xa6 86. Rxa6 Rxa6 87. Kg7 Kg5 88. h7 Rg6+ 89. Kf8 1-0